000 01928nam a2200421 a 4500
003 BLK
005 20230718141640.0
008 180411b bul|||||r ||||||| ||bul||
010 _aKNG00175367000
040 _aBLK
041 _aBUL
_cBUL
072 7 _2bullib
_aК
_xКраезнание
080 _aЛов. Рибно стопанство. Риболов
_b639
_x(063)
_z639(063)
110 1 _aРибарски конгр., II. Свищов. 1931
_9337552
139 _aРибарски конгр., II. Свищов. 1931
_bР 58
245 1 0 _aВтори рибарски конгрес в гр. Свищов, организиран от Русенската търговско-индустриална камара на 6 и 7 септ. 1931 г.
_bРеферати, протоколи, решения
257 _aBGR
260 _aРусе
_bРусенска търг.-индустр. камара
_c1931
_fРусе : печ. Роглев
300 _a89 с.
_c22 см
380 _a63
650 4 _aРибовъдство
_9169473
650 4 _aКамари, търговско-индустриални
_9280620
651 4 _aСвищов
_9179504
653 _aрибовъдство
653 _aриболов
653 _aРТИК
653 _aконгреси
852 _aЦб 29444
_bЦб
852 _aК 63/Р 58
_bК
852 _aЦб 6.230.29781
_bЦб
852 _aЦб 6.220.25575
_bЦб
856 4 _qpdf
_i0.00
_lreg users access
_fВтори рибарски конгрес в гр. Свищов
_uhttp://185.138.176.146:18082/cgi-bin/koha/opac-retrieve-file.pl?id=149feb90e2228824407c7de8ffd1b1e9
_xebook
_zВтори рибарски конгрес в гр. Свищов
942 _cKNG
_n0
_02
_s1
944 _aCR
_c15.05.2015
_lДиана Гривева
_k30529
944 _aED
_c2021-05-18
_kГГГ
999 _c167556
_d167556
999 _d167556
999 _d167556